| 000 | 00483nam a2200169 4500 | ||
|---|---|---|---|
| 008 | 150703b xxu||||| |||| 00| 0 eng d | ||
| 020 | _a0314062149 | ||
| 050 | _aHF 5415 .Z54 1996 | ||
| 100 |
_aZikmund, William G _d1996 |
||
| 245 | _aMarketing / | ||
| 250 | _a5th ed. | ||
| 260 |
_aUSA: _bWest, _c1996 |
||
| 300 |
_axxxviii,784p; ill _bInclude index |
||
| 650 | _aMarketing | ||
| 700 | _aD'Amico, Michael | ||
| 942 |
_2ddc _cBOOKS _hHF 5415 .Z54 1996 |
||
| 999 |
_c1989 _d1989 |
||